| 000 | 01081nas a2200349 4500 | ||
|---|---|---|---|
| 001 | BR0905916 | ||
| 003 | BR-BrBNA | ||
| 005 | 20231205113800.0 | ||
| 007 | ta | ||
| 008 | 230509b bl.|||p| |||| 00| 00por d | ||
| 040 |
_aBR-BrBNA _bpor _cBiblioteca Nacional de Agricultura |
||
| 041 | _a(Pt) | ||
| 072 | _aF08; F01 | ||
| 100 | 1 | _aGonçalves, V.D. | |
| 100 | 1 | _aNietsche, S. | |
| 100 | 1 | _aPereira, M.C.T. | |
| 100 | 1 | _aSilva, S. de O. e | |
| 100 | 1 | _aSantos, T.M. dos | |
| 100 | 1 | _aOliveira, J.R. | |
| 100 | 1 | _aFranco, L.R.L. | |
| 100 | 1 | _aRuggiero, C. | |
| 245 | 1 | _aAvaliação das cultivares de bananeira Prata-Anã, Thap Maeo e Caipira em diferentes sistemas de plantio no Norte de Minas Gerais | |
| 650 | _aBANANA PRATA | ||
| 650 | _aFRUTA TROPICAL | ||
| 650 | _aSISTEMA DE CULTIVO | ||
| 650 | _aVARIEDADE | ||
| 650 | _aCRESCIMENTO | ||
| 650 | _aPRODUTIVIDADE | ||
| 773 | 0 |
_tRevista Brasileira de Fruticultura (Brazil) _xISSN 0100 2945 _g(Jun 2008), v. 30(2) p. 371-376 _wBR0905916 |
|
| 909 |
_a202311 _bLúcia _c55 _dLúcia Elande |
||
| 942 |
_2AGRIS _n0 _cANA |
||
| 999 |
_c205581 _d205581 |
||